| 000 | 00439 a2200181 4500 | ||
|---|---|---|---|
| 005 | 20260513104752.0 | ||
| 008 | 260511b |||||||| |||| 00| 0 eng d | ||
| 020 |
_a9788184542431 _cRs. 550.00 |
||
| 040 | _aMAIN | ||
| 082 |
_a954.558 _bG951H |
||
| 100 | _aGuliya, Yashpal | ||
| 245 | _aHaryana ke agyat yudh | ||
| 260 |
_bOriginals _c2021 _aDelhi |
||
| 300 | _a228 | ||
| 650 | _aHistory | ||
| 650 | _aHaryana- History | ||
| 942 | _cBK | ||
| 999 |
_c394981 _d394981 |
||